[Event "Olimpiade 2014 - Open"]
[Site "Tromsø"]
[Date "10.08.2014"]
[Round "8.15"]
[Board "4"]
[White "McKay, Roderick M"]
[Black "Olafsson, Helgi"]
[Result "1/2-1/2"]
[WhiteTitle "IM"]
[BlackTitle "GM"]
[WhiteElo "2349"]
[BlackElo "2555"]
[WhiteTeam "Scotland"]
[BlackTeam "Iceland"]
[WhiteFideId "2400049"]
[BlackFideId "2300010"]
[EventDate "2014.08.02"]

1. f4 d5 2. Nf3 g6 3. d3 Nf6 4. e3 b6 5. Be2 Bg7 6. O-O Bb7 7. Nc3 c5 8. Ne5 Nc6
9. Bf3 O-O 10. Qe2 Rc8 11. Nxc6 Bxc6 12. e4 e6 13. e5 Nd7 14. a4 a6 15. Bd2 b5
16. axb5 axb5 17. Nd1 b4 18. Nf2 Ra8 19. c4 Re8 20. Rfb1 Qb6 21. Qd1 Qb7 22.
Rxa8 Rxa8 23. Ra1 Rxa1 24. Qxa1 dxc4 25. Bxc6 Qxc6 26. dxc4 f6 27. exf6 Bxf6 28.
Qc1 e5 29. Ng4 Qe4 30. h3 exf4 31. Nxf6+ Nxf6 32. Bxf4 Qd3 33. Bh6 Kf7 34. Qf4
Ke6 35. Qe3+ Qxe3+ 36. Bxe3 Nd7 37. b3 Ke5 38. Kf2 Ke4 39. Ke2 h5 40. Kd2 Kf5
41. Kd3 Ne5+ 42. Kd2 Nd7 43. Kd3 Ne5+ 1/2-1/2

[Event "Olimpiade 2014 - Open"]
[Site "Tromsø"]
[Date "10.08.2014"]
[Round "8.16"]
[Board "1"]
[White "Kasimdzhanov, Rustam"]
[Black "Smerdon, David"]
[Result "1-0"]
[WhiteTitle "GM"]
[BlackTitle "GM"]
[WhiteElo "2700"]
[BlackElo "2513"]
[WhiteTeam "Uzbekistan"]
[BlackTeam "Australia"]
[WhiteFideId "14200244"]
[BlackFideId "3202305"]
[EventDate "2014.08.02"]

1. d4 e6 2. e4 d5 3. Nc3 Nf6 4. Bg5 Bb4 5. e5 h6 6. Bc1 Ne4 7. Qg4 g6 8. a3
Bxc3+ 9. bxc3 c5 10. Ne2 cxd4 11. cxd4 Nc6 12. c3 Qa5 13. Be3 Ne7 14. Qh3 f6 15.
f3 Ng5 16. Qg4 Nf7 17. exf6 e5 18. Qg3 Nf5 19. Qf2 O-O 20. Bd2 Re8 21. g4 N5d6
22. Bg2 Nc4 23. Ra2 exd4 24. Qxd4 Bd7 25. Kf2 Qb5 26. Nf4 Qb3 27. Rha1 Nce5 28.
Qb4 Qc4 29. Qxc4 dxc4 30. Nd5 Rad8 31. Kg3 Ba4 32. f4 Nd3 33. Ne7+ Rxe7 34. fxe7
Re8 35. Be3 Rxe7 36. Bxa7 Nd6 37. Bd4 Ne4+ 38. Bxe4 Rxe4 39. Rf1 Kf7 40. Rd2 Bd7
41. Rf3 Re1 42. Rfxd3 cxd3 43. Rxd3 Bb5 44. Rd2 Bc6 45. h3 Ra1 46. Be5 g5 47.
Rd6 Ra2 48. h4 h5 49. hxg5 Rg2+ 50. Kh4 Rh2+ 51. Kg3 Rg2+ 52. Kh3 Rxg4 53. Rf6+
Ke7 54. Rh6 Rg1 55. Bd4 Rg4 56. f5 Bd7 57. f6+ Ke6 58. Rxh5 Kf5 59. Rh7 Be6 60.
f7 Rf4 61. f8=N Rf3+ 62. Kg2 Bd5 63. Rf7+ Kxg5 64. Rxf3 Kg4 65. Nd7 Bxf3+ 66.
Kf2 Bh1 67. Ke3 1-0

[Event "Olimpiade 2014 - Open"]
[Site "Tromsø"]
[Date "10.08.2014"]
[Round "8.16"]
[Board "2"]
[White "Ly, Moulthun"]
[Black "Filippov, Anton UZB"]
[Result "1/2-1/2"]
[WhiteTitle "IM"]
[BlackTitle "GM"]
[WhiteElo "2462"]
[BlackElo "2615"]
[WhiteTeam "Australia"]
[BlackTeam "Uzbekistan"]
[WhiteFideId "3204405"]
[BlackFideId "14200988"]
[EventDate "2014.08.02"]

1. d4 Nf6 2. Nf3 e6 3. g3 d5 4. c4 dxc4 5. Bg2 Bd7 6. Ne5 Bc6 7. Nxc6 Nxc6 8.
O-O Be7 9. e3 O-O 10. Qe2 e5 11. Bxc6 bxc6 12. dxe5 Nd7 13. Nd2 Nxe5 14. Nxc4
Nxc4 15. Qxc4 Qd5 16. Qxd5 cxd5 17. Rd1 c6 18. Bd2 Rfc8 19. Rac1 Kf8 20. Rc2 Ke8
21. Bc3 g6 22. Bd4 f5 23. Bc5 a5 24. b3 Bxc5 25. Rxc5 Kd7 26. f3 Kd6 27. Rc2 Re8
28. Kf2 Rab8 29. Rdc1 Rec8 30. e4 fxe4 31. fxe4 d4 32. Rc5 a4 33. e5+ Ke6 34.
R1c4 axb3 35. axb3 Rd8 36. b4 Ra8 37. Rc2 Ra3 38. Rxc6+ Kxe5 39. Re2+ Kd5 40.
Rc5+ Kd6 41. Re4 Rf8+ 42. Ke1 d3 43. Rd4+ Ke6 44. Re4+ Kd6 45. Rd4+ Ke6 46. Re4+
Kd6 47. Rd4+ Ke6 48. Re4+ Kd6 49. Rd4+ 1/2-1/2

[Event "Olimpiade 2014 - Open"]
[Site "Tromsø"]
[Date "10.08.2014"]
[Round "8.16"]
[Board "3"]
[White "Dzhumaev, Marat"]
[Black "Illingworth, Max"]
[Result "1/2-1/2"]
[WhiteTitle "GM"]
[BlackTitle "IM"]
[WhiteElo "2510"]
[BlackElo "2439"]
[WhiteTeam "Uzbekistan"]
[BlackTeam "Australia"]
[WhiteFideId "14200236"]
[BlackFideId "3205207"]
[EventDate "2014.08.02"]

1. e4 c5 2. Nc3 d6 3. Nge2 Nf6 4. d4 cxd4 5. Nxd4 a6 6. g3 e5 7. Nb3 Be7 8. Bg2
b5 9. a4 b4 10. Nd5 Nxd5 11. Qxd5 Ra7 12. Be3 Be6 13. Qd3 Ra8 14. O-O Nd7 15. f4
exf4 16. gxf4 Bg4 17. Bd4 O-O 18. Qg3 h5 19. h3 Bh4 20. Qd3 Be6 21. Nd2 Nc5 22.
Qe2 Rc8 23. f5 Bd7 24. Rad1 Bxa4 25. b3 Bb5 26. Nc4 Nd7 27. e5 dxe5 28. Be3 Qe7
29. Qxh5 Bxc4 30. bxc4 Rxc4 31. Qe2 Rfc8 32. Bd5 Rxc2 33. Qxa6 Bg5 34. Bf2 Bf4
35. Kh1 e4 36. Qg6 Ne5 37. Qh5 Nd3 38. Bg1 Bg5 39. Qg4 Ne5 40. Qxe4 R8c3 41. Bh2
b3 42. f6 Rxh2+ 43. Kxh2 Qc7 44. Kg2 Rc2+ 45. Rf2 Rxf2+ 46. Kxf2 Qc2+ 47. Qe2
Bxf6 48. Be4 Qc3 49. Qe3 Qb4 50. Kg2 g6 51. Rf1 Bg7 52. h4 Ng4 53. Qd3 Qb6 54.
Kg3 Nf6 55. Bf3 b2 56. Rd1 Qc7+ 57. Kg2 Qf4 58. Kh3 Nh7 59. Qe4 Qc1 60. Qe1 Bh6
61. Qe8+ Nf8 62. Qb8 Kg7 63. h5 Qc3 64. Kg2 Ne6 65. hxg6 Qc2+ 66. Kf1 Be3 67.
Qe5+ Kf8 68. Qxe3 b1=Q 69. Qh6+ Ke7 70. Qh4+ Kf8 71. Qh8+ Ke7 72. Qh4+ Kf8 73.
Qh8+ Ke7 74. Qh4+ Kf8 75. Qh8+ Ke7 76. Qh4+ Kf8 1/2-1/2

[Event "Olimpiade 2014 - Open"]
[Site "Tromsø"]
[Date "10.08.2014"]
[Round "8.16"]
[Board "4"]
[White "Ikeda, Junta"]
[Black "Tillyaev, Ulugbek"]
[Result "0-1"]
[WhiteTitle "FM"]
[BlackTitle "FM"]
[WhiteElo "2402"]
[BlackElo "2367"]
[WhiteTeam "Australia"]
[BlackTeam "Uzbekistan"]
[WhiteFideId "3204731"]
[BlackFideId "14202441"]
[EventDate "2014.08.02"]

1. e4 c5 2. Nf3 e6 3. d4 cxd4 4. Nxd4 a6 5. Nc3 Qc7 6. Bd3 Nf6 7. O-O Bd6 8. Kh1
Nc6 9. Nxc6 dxc6 10. f4 e5 11. f5 b5 12. a4 b4 13. Nb1 a5 14. Nd2 Bc5 15. Qf3 h5
16. Qg3 Ng4 17. Nf3 Bb7 18. h3 O-O-O 19. hxg4 hxg4+ 20. Nh4 Qe7 21. f6 gxf6 22.
Rf5 Kb8 23. Qxg4 Bc8 24. g3 Rdg8 25. Qf3 Bxf5 26. exf5 Qd6 27. Be3 Kb7 28. Rg1
Bd4 29. Be4 Bxb2 30. Rd1 Rxg3 31. Qxg3 Qxd1+ 32. Kg2 Qe2+ 33. Kh3 Bc3 34. Bd3
Qe1 35. Bf2 Qd1 36. Kg2 Rh5 37. Qf3 Rg5+ 38. Kh3 Qxf3+ 39. Nxf3 Rg8 40. Be4 Rd8
41. Bh4 Rd6 42. Kg4 Kc7 43. Kh5 c5 44. Kh6 c4 45. Kg7 b3 46. cxb3 cxb3 47. Bxf6
Rb6 48. Kxf7 Rb4 49. Ng5 b2 50. Bb1 Rxa4 51. Ne4 Bd4 52. Ke6 Rc4 53. Be7 Rc1 54.
Ba2 Ra1 55. Bd6+ Kb6 56. f6 Rxa2 57. f7 b1=Q 58. f8=Q Qxe4 59. Qd8+ Kb5 60. Qb8+
Bb6 61. Qe8+ Qc6 62. Qg6 Rd2 63. Qb1+ Ka6 0-1

[Event "Olimpiade 2014 - Open"]
[Site "Tromsø"]
[Date "10.08.2014"]
[Round "8.17"]
[Board "1"]
[White "Urkedal, Frode"]
[Black "Ali, Sebbar"]
[Result "1/2-1/2"]
[WhiteTitle "IM"]
[BlackTitle "IM"]
[WhiteElo "2500"]
[BlackElo "2387"]
[WhiteTeam "Norway 2"]
[BlackTeam "Morocco"]
[WhiteFideId "1506102"]
[BlackFideId "8100977"]
[EventDate "2014.08.02"]

1. d4 Nf6 2. c4 e6 3. Nf3 d5 4. Nc3 c5 5. cxd5 Nxd5 6. e4 Nxc3 7. bxc3 cxd4 8.
cxd4 Bb4+ 9. Bd2 Bxd2+ 10. Qxd2 O-O 11. Bc4 Nd7 12. O-O b6 13. a4 Bb7 14. Rfe1
Rc8 15. Bd3 Qc7 16. a5 Rfd8 17. axb6 axb6 18. Rab1 Qc3 19. Qe2 h6 20. Red1 Rc7
21. h3 Rdc8 22. Qe3 Qa3 23. d5 exd5 24. exd5 Qd6 25. Nh4 Kf8 26. Be4 Rc3 27. Qd4
Qc5 28. Bf5 Qxd4 29. Rxd4 Rc1+ 30. Rxc1 Rxc1+ 31. Kh2 Nf6 32. d6 Ke8 33. Bd3 g6
34. Bc4 Nd7 35. Nf3 Bxf3 36. gxf3 Nc5 37. Bb5+ Kd8 38. Rd2 Nb7 39. Ba6 Nc5 40.
Bb5 Nb7 41. Ba6 Nc5 1/2-1/2

[Event "Olimpiade 2014 - Open"]
[Site "Tromsø"]
[Date "10.08.2014"]
[Round "8.17"]
[Board "2"]
[White "Tissir, Mohamed"]
[Black "Elsness, Frode"]
[Result "1/2-1/2"]
[WhiteTitle "IM"]
[BlackTitle "IM"]
[WhiteElo "2366"]
[BlackElo "2477"]
[WhiteTeam "Morocco"]
[BlackTeam "Norway 2"]
[WhiteFideId "9000240"]
[BlackFideId "1501100"]
[EventDate "2014.08.02"]

1. e4 e5 2. Nf3 Nc6 3. Bc4 Bc5 4. c3 Nf6 5. d3 O-O 6. O-O d5 7. exd5 Nxd5 8.
Nbd2 Nb6 9. Bb5 Bd6 10. Re1 Bg4 11. Ne4 Re8 12. h3 Bh5 13. Ng3 Bg6 14. Bg5 f6
15. Be3 Qd7 16. Nh4 Bf7 17. Nhf5 Be6 18. Qf3 Bf8 19. d4 exd4 20. Bxd4 Qd5 21.
Qxd5 Bxd5 22. Be3 a6 23. Bf1 Nc4 24. b3 Nxe3 25. Nxe3 Bf7 26. Rad1 Rad8 27. Rxd8
Rxd8 28. Rd1 Rxd1 29. Nxd1 b5 30. Ne4 Bd5 31. Nd2 Ne5 32. Ne3 Be6 33. f4 Bc5 34.
Kf2 Ng6 35. g3 Ne7 36. Ke2 Nd5 37. Nxd5 Bxd5 38. c4 Bc6 39. cxb5 axb5 40. Kd3 f5
41. Ke2 Kf7 42. Nf3 1/2-1/2

[Event "Olimpiade 2014 - Open"]
[Site "Tromsø"]
[Date "10.08.2014"]
[Round "8.17"]
[Board "3"]
[White "Hansen, Torbjorn Ringdal"]
[Black "Onkoud, Abdelaziz"]
[Result "1-0"]
[WhiteTitle "IM"]
[BlackTitle "IM"]
[WhiteElo "2450"]
[BlackElo "2383"]
[WhiteTeam "Norway 2"]
[BlackTeam "Morocco"]
[WhiteFideId "1501720"]
[BlackFideId "9000283"]
[EventDate "2014.08.02"]

1. e4 d5 2. exd5 Qxd5 3. Nf3 Nf6 4. d4 Qd6 5. Be2 g6 6. c4 c6 7. Nc3 Bg7 8. Be3
Bf5 9. Qb3 Qc7 10. h3 O-O 11. O-O Ne4 12. Nxe4 Bxe4 13. Rfd1 Bxf3 14. Bxf3 Nd7
15. Rac1 Rfe8 16. Rc2 e5 17. d5 e4 18. Bg4 f5 19. d6 Qd8 20. c5+ Kh8 21. Be2 Rb8
22. Rc4 Qh4 23. Bd2 Be5 24. Rdc1 Nf6 25. Rb4 Nd5 26. Rxb7 Rxb7 27. Qxb7 e3 28.
fxe3 Qg3 29. Qxc6 Nf6 30. Qxe8+ Nxe8 31. d7 Qh2+ 32. Kf1 Nf6 33. d8=Q+ Kg7 34.
Qe7+ Kh6 35. Bf3 g5 36. Rc4 1-0

[Event "Olimpiade 2014 - Open"]
[Site "Tromsø"]
[Date "10.08.2014"]
[Round "8.17"]
[Board "4"]
[White "Hifad, Rachid"]
[Black "Salomon, Johan"]
[Result "1/2-1/2"]
[WhiteTitle "IM"]
[WhiteElo "2311"]
[BlackElo "2353"]
[WhiteTeam "Morocco"]
[BlackTeam "Norway 2"]
[WhiteFideId "9000623"]
[BlackFideId "1509500"]
[EventDate "2014.08.02"]

1. d4 Nf6 2. c4 e6 3. Nf3 b6 4. g3 Ba6 5. b3 Bb7 6. Bg2 Bb4+ 7. Bd2 a5 8. O-O
O-O 9. a3 Bxd2 10. Nbxd2 d6 11. Qc2 c5 12. Rfd1 Qe7 13. e4 Nc6 14. e5 dxe5 15.
dxe5 Nd7 16. Re1 Rfd8 17. h4 h6 18. Rad1 Rab8 19. Qb2 a4 20. bxa4 Na5 21. Qc2
Nf8 22. Ne4 Bxe4 23. Qxe4 Qa7 24. Bf1 Qa8 25. Qe3 Rxd1 26. Rxd1 Qc6 27. Rd6 Qxa4
28. Qd3 Qb3 29. Kg2 Qb2 30. Qe3 Qc2 31. Qd3 Qc1 32. h5 Qb2 33. Rd8 Rxd8 34. Qxd8
Qb3 35. Qd6 Qxa3 36. Qxb6 Nb3 37. Qd8 Qb2 38. Bd3 Nc1 39. Bf1 Na2 40. Bd3 Nc1
41. Bf1 Nb3 42. Bd3 1/2-1/2

[Event "Olimpiade 2014 - Open"]
[Site "Tromsø"]
[Date "10.08.2014"]
[Round "8.18"]
[Board "1"]
[White "Le, Quang Liem"]
[Black "Ghaem Maghami, Ehsan"]
[Result "1-0"]
[WhiteTitle "GM"]
[BlackTitle "GM"]
[WhiteElo "2710"]
[BlackElo "2594"]
[WhiteTeam "Vietnam"]
[BlackTeam "Iran"]
[WhiteFideId "12401137"]
[BlackFideId "12500739"]
[EventDate "2014.08.02"]

1. d4 Nf6 2. c4 e6 3. Nc3 Bb4 4. Qc2 d5 5. cxd5 exd5 6. Bg5 h6 7. Bh4 g5 8. Bg3
Ne4 9. e3 c5 10. Bxb8 Rxb8 11. dxc5 Qf6 12. Rc1 O-O 13. Bd3 Bxc3+ 14. bxc3 Nxc5
15. Ne2 Bd7 16. Nd4 Rbc8 17. O-O Rc7 18. h3 a6 19. Qe2 Re8 20. Bb1 Ne4 21. Bxe4
dxe4 22. c4 g4 23. hxg4 Qg5 24. Nf5 Bxf5 25. gxf5 Qxf5 26. Rcd1 Qe6 27. Rd4 Rec8
28. Rfd1 Rxc4 29. Rxc4 Qxc4 30. Qg4+ Kf8 31. Qf4 Rc6 32. Qe5 Rc8 33. Rd7 Kg8 34.
Rd6 Qc1+ 35. Kh2 Qc7 36. g3 Qc2 37. Rxh6 Qxf2+ 38. Kh3 Qf1+ 39. Kh4 f6 40. Rxf6
Qh1+ 41. Kg5 1-0

[Event "Olimpiade 2014 - Open"]
[Site "Tromsø"]
[Date "10.08.2014"]
[Round "8.18"]
[Board "2"]
[White "Moradiabadi, Elshan"]
[Black "Nguyen, Ngoc Truong Son"]
[Result "0-1"]
[WhiteTitle "GM"]
[BlackTitle "GM"]
[WhiteElo "2598"]
[BlackElo "2634"]
[WhiteTeam "Iran"]
[BlackTeam "Vietnam"]
[WhiteFideId "12501255"]
[BlackFideId "12401110"]
[EventDate "2014.08.02"]

1. d4 d5 2. c4 c6 3. e3 Nf6 4. Nf3 Bf5 5. Nc3 e6 6. Nh4 Bg6 7. Be2 Nbd7 8. O-O
dxc4 9. Nxg6 hxg6 10. Bxc4 Qc7 11. g3 Be7 12. Bd2 O-O 13. Rc1 Rad8 14. Qc2 c5
15. Rfd1 a6 16. Be2 Qb8 17. dxc5 Nxc5 18. b4 Ncd7 19. Ne4 Nxe4 20. Qxe4 Nf6 21.
Qc4 b5 22. Qb3 Nd5 23. Be1 Rc8 24. Bf3 Nb6 25. Be2 Bf6 26. Rc2 Rxc2 27. Qxc2 Rc8
28. Qd3 Na4 29. Qd7 Rc2 30. Bf3 Nb6 31. Qb7 Qxb7 32. Bxb7 Rxa2 33. Rd6 Na4 34.
Bd2 Ra1+ 35. Kg2 Nb2 36. Rc6 Nc4 37. Bxa6 Nxd2 38. Bxb5 Ra8 39. Ba6 Rb8 40. b5
Bd8 0-1

[Event "Olimpiade 2014 - Open"]
[Site "Tromsø"]
[Date "10.08.2014"]
[Round "8.18"]
[Board "3"]
[White "Nguyen, Van Huy"]
[Black "Idani, Pouya"]
[Result "0-1"]
[WhiteTitle "IM"]
[BlackTitle "IM"]
[WhiteElo "2439"]
[BlackElo "2499"]
[WhiteTeam "Vietnam"]
[BlackTeam "Iran"]
[WhiteFideId "12401064"]
[BlackFideId "12510130"]
[EventDate "2014.08.02"]

1. Nf3 c5 2. c4 Nc6 3. g3 g6 4. Bg2 Bg7 5. O-O d6 6. Nc3 Bf5 7. d3 Qd7 8. Re1
Bh3 9. Bh1 Nf6 10. Bf4 h6 11. a3 O-O 12. Rb1 a5 13. Nd5 Nxd5 14. cxd5 Na7 15. d4
g5 16. Bd2 cxd4 17. Bxa5 Qb5 18. Bb4 Bf5 19. Nxd4 Bxd4 20. Qxd4 Bxb1 21. Bc3 f6
22. Rxb1 Qb3 23. Qe4 Rf7 24. Bf3 Nb5 25. Bg4 Rg7 26. Bb4 Kh8 27. h3 Nc7 28. Bf3
Na6 29. Bc3 Nc5 30. Qf5 Qb5 31. Kg2 Qe8 32. b4 Nd7 33. Bd4 Ne5 34. Bxe5 fxe5 35.
Rc1 b5 36. Rc7 Qd8 37. Rd7 Qf8 38. Qxf8+ Rxf8 39. Bg4 Rgf7 40. f3 e4 41. h4
exf3+ 42. exf3 gxh4 43. gxh4 Rg7 44. Kh3 h5 45. Bxh5 Rf5 46. Bg4 Rxd5 47. Rd8+
Kh7 48. Bd7 Re5 49. Rb8 Rf7 50. Kg4 Re3 51. Bxb5 Rexf3 52. Be8 R7f4+ 53. Kg5 Rf6
54. h5 Rg3+ 55. Kh4 Rxa3 56. Bg6+ Kg7 57. b5 Rb3 58. Kg5 Rg3+ 59. Kh4 Rg2 60. b6
Rf4+ 61. Kh3 Rb2 62. Re8 e5 63. Rb8 Rfb4 64. Rb7+ Kh6 65. Rd7 Kg5 66. Rxd6 R4b3+
67. Bd3 Rd2 0-1

[Event "Olimpiade 2014 - Open"]
[Site "Tromsø"]
[Date "10.08.2014"]
[Round "8.18"]
[Board "4"]
[White "Golizadeh, Asghar"]
[Black "Nguyen, Huynh Minh Huy"]
[Result "0-1"]
[WhiteTitle "GM"]
[BlackTitle "IM"]
[WhiteElo "2490"]
[BlackElo "2507"]
[WhiteTeam "Iran"]
[BlackTeam "Vietnam"]
[WhiteFideId "12505269"]
[BlackFideId "12401269"]
[EventDate "2014.08.02"]

1. e4 c5 2. Nf3 e6 3. d4 cxd4 4. Nxd4 a6 5. c4 Nf6 6. Nc3 Qc7 7. a3 b6 8. Be3
Bb7 9. f3 d6 10. Be2 Be7 11. O-O O-O 12. Qd2 Nbd7 13. Rac1 Rac8 14. Kh1 Qb8 15.
Rfd1 Rfe8 16. Bf1 h5 17. Qf2 Bd8 18. b4 Ne5 19. Nb3 d5 20. cxd5 exd5 21. Nxd5
Bxd5 22. Rxc8 Qxc8 23. exd5 Neg4 24. fxg4 Nxg4 25. Qd2 Rxe3 26. Nd4 Bg5 27. d6
Re5 28. Qa2 Be3 29. Nf3 Re6 30. Bxa6 Rxd6 31. Re1 Qxa6 32. h3 Nf2+ 33. Kh2 Qd3
34. Qe2 Re6 35. Qxd3 Nxd3 36. Rd1 Ne5 0-1

[Event "Olimpiade 2014 - Open"]
[Site "Tromsø"]
[Date "10.08.2014"]
[Round "8.19"]
[Board "1"]
[White "Pelletier, Yannick"]
[Black "Amin, Bassem"]
[Result "1/2-1/2"]
[WhiteTitle "GM"]
[BlackTitle "GM"]
[WhiteElo "2578"]
[BlackElo "2627"]
[WhiteTeam "Switzerland"]
[BlackTeam "Egypt"]
[WhiteFideId "1301837"]
[BlackFideId "10601457"]
[EventDate "2014.08.02"]

1. d4 Nf6 2. c4 e6 3. Nf3 Bb4+ 4. Bd2 c5 5. Bxb4 cxb4 6. g3 O-O 7. Bg2 d6 8. O-O
a5 9. Qd3 Na6 10. Nbd2 Re8 11. Rad1 Bd7 12. e4 e5 13. c5 dxc5 14. Nxe5 cxd4 15.
Nxd7 Qxd7 16. Nb3 Rad8 17. Rfe1 Qc7 18. Nxd4 Qc5 19. Qe3 h6 20. f3 a4 21. Qf2 a3
22. Nb3 Qe5 23. f4 Qxb2 24. Qxb2 axb2 25. Rb1 Nd7 26. Rxb2 Ndc5 27. Nxc5 Nxc5
28. Rc2 b6 29. e5 g5 30. fxg5 hxg5 31. Bf1 Rd5 32. Rc4 b3 33. axb3 Nxb3 34. Rb4
Nc5 35. Rxb6 1/2-1/2

[Event "Olimpiade 2014 - Open"]
[Site "Tromsø"]
[Date "10.08.2014"]
[Round "8.19"]
[Board "2"]
[White "Shoker, Samy"]
[Black "Gallagher, Joseph G."]
[Result "0-1"]
[WhiteTitle "IM"]
[BlackTitle "GM"]
[WhiteElo "2487"]
[BlackElo "2473"]
[WhiteTeam "Egypt"]
[BlackTeam "Switzerland"]
[WhiteFideId "627143"]
[BlackFideId "1303422"]
[EventDate "2014.08.02"]

1. c4 g6 2. g3 Bg7 3. Bg2 c5 4. Nc3 Nc6 5. a3 b6 6. b4 Bb7 7. Rb1 d6 8. Qa4 Qd7
9. bxc5 dxc5 10. Ne4 Rc8 11. Bb2 Bxb2 12. Rxb2 Na5 13. Qxd7+ Kxd7 14. Bf3 Nxc4
15. Rb3 Bc6 16. Ng5 Nh6 17. Rd3+ Nd6 18. Bxc6+ Rxc6 19. N1f3 f6 20. h4 c4 21.
Rc3 Rc5 22. Nh3 Nb5 23. d4 Nxc3 24. dxc5 e5 25. cxb6 axb6 26. Kd2 Ne4+ 27. Kc2
Ra8 28. Kb2 Kc6 29. Rc1 b5 30. Ne1 Nf5 31. Nd3 Kb6 32. Nb4 Rd8 33. g4 Nxh4 34.
f3 Nc5 35. Nf2 Ng2 36. Rd1 Rxd1 37. Nxd1 Nf4 38. Kc2 Na6 39. Nxa6 Kxa6 40. Nc3
h5 41. gxh5 gxh5 42. e3 h4 43. exf4 h3 44. Ne4 h2 45. Nf2 exf4 46. Kb2 Ka5 0-1

[Event "Olimpiade 2014 - Open"]
[Site "Tromsø"]
[Date "10.08.2014"]
[Round "8.19"]
[Board "3"]
[White "Hug, Werner"]
[Black "Ezat, Mohamed"]
[Result "1/2-1/2"]
[WhiteTitle "IM"]
[BlackTitle "IM"]
[WhiteElo "2474"]
[BlackElo "2466"]
[WhiteTeam "Switzerland"]
[BlackTeam "Egypt"]
[WhiteFideId "1300040"]
[BlackFideId "10600906"]
[EventDate "2014.08.02"]

1. d4 Nf6 2. Nf3 d6 3. c3 Nbd7 4. Nbd2 e5 5. e4 g6 6. Bd3 Bg7 7. O-O O-O 8. Re1
Re8 9. h3 Nf8 10. dxe5 dxe5 11. Nc4 Ne6 12. Ncxe5 Nc5 13. Bb5 Qxd1 14. Rxd1 c6
15. Bc4 Be6 16. Ng5 Bxc4 17. Nxc4 Nfxe4 18. Nxe4 Rxe4 19. Nd6 Re7 20. Nc4 Na4
21. Kf1 h6 22. Rb1 a5 23. Be3 b5 24. Nb6 Nxb6 25. Bxb6 b4 26. Be3 Re4 27. Rd7
Rb8 28. cxb4 Rexb4 29. b3 a4 30. Rc7 axb3 31. Rxb3 1/2-1/2

[Event "Olimpiade 2014 - Open"]
[Site "Tromsø"]
[Date "10.08.2014"]
[Round "8.19"]
[Board "4"]
[White "El Gindy, Essam"]
[Black "Georgiadis, Nico"]
[Result "0-1"]
[WhiteTitle "GM"]
[BlackTitle "IM"]
[WhiteElo "2486"]
[BlackElo "2448"]
[WhiteTeam "Egypt"]
[BlackTeam "Switzerland"]
[WhiteFideId "10600140"]
[BlackFideId "1300113"]
[EventDate "2014.08.02"]

1. Nf3 d5 2. g3 c5 3. Bg2 Nf6 4. O-O e6 5. d3 Nc6 6. Nbd2 e5 7. e4 d4 8. a4 Bd6
9. Nc4 Bc7 10. Nh4 Bg4 11. f3 Be6 12. Nf5 O-O 13. Bg5 h6 14. Bh4 Kh7 15. Qd2 g5
16. Bxg5 hxg5 17. Qxg5 Bxf5 18. Qxf5+ Kh8 19. f4 Nh7 20. fxe5 Qe7 21. Rf4 Nxe5
22. Rh4 Ng6 23. Rh5 Kg7 24. Qxc5 Qxc5 25. Rxc5 Rac8 26. Rf1 b6 27. Rcf5 f6 28.
Bh3 Rcd8 29. Rb5 Ng5 30. Bf5 Nf7 31. Kg2 Nge5 32. Nxe5 Bxe5 33. Bg4 Nd6 34. Rb4
Nb7 35. Be6 Nc5 36. Bf5 Rf7 37. Ra1 Nb7 38. Rf1 Rc7 39. Rf2 Rd6 40. Bg4 Rdc6 41.
Bd1 a5 42. Rb5 Nc5 43. b3 Na6 44. g4 Nb4 45. g5 Nxc2 46. gxf6+ Bxf6 47. Bxc2
Rxc2 48. e5 Bd8 49. Rd5 Rxf2+ 50. Kxf2 Rf7+ 51. Kg3 Bc7 52. Kg4 Kg6 53. h4 Rf5
54. Rxd4 Bxe5 55. Rc4 Rf6 56. b4 Bd6 57. bxa5 bxa5 58. h5+ Kh6 59. Re4 Bb4 60.
d4 Rd6 61. Kf5 Bc3 62. Ke5 Rd8 63. Kf6 Rxd4 0-1

[Event "Olimpiade 2014 - Open"]
[Site "Tromsø"]
[Date "10.08.2014"]
[Round "8.21"]
[Board "1"]
[White "Jobava, Baadur"]
[Black "Ismagambetov, Anuar"]
[Result "1/2-1/2"]
[WhiteTitle "GM"]
[BlackTitle "GM"]
[WhiteElo "2713"]
[BlackElo "2531"]
[WhiteTeam "Georgia"]
[BlackTeam "Kazakhstan"]
[WhiteFideId "13601520"]
[BlackFideId "13701525"]
[EventDate "2014.08.02"]

1. Nf3 Nf6 2. c4 e6 3. g3 b6 4. Bg2 Bb7 5. O-O Be7 6. d4 O-O 7. Nc3 Ne4 8. Qd3
Nxc3 9. Qxc3 f5 10. Rd1 Bf6 11. Qb3 Qe7 12. Bd2 d6 13. a4 Be4 14. Bc3 Nd7 15.
Ne1 a5 16. Qb5 Qf7 17. Nd3 Rab8 18. Rac1 g6 19. e3 Bg7 20. Be1 g5 21. Bc3 h6 22.
Be1 Kh8 23. Bc3 Kg8 24. Be1 Kh8 25. Bc3 1/2-1/2

[Event "Olimpiade 2014 - Open"]
[Site "Tromsø"]
[Date "10.08.2014"]
[Round "8.21"]
[Board "2"]
[White "Kostenko, Petr"]
[Black "Mchedlishvili, Mikheil"]
[Result "1/2-1/2"]
[WhiteTitle "GM"]
[BlackTitle "GM"]
[WhiteElo "2461"]
[BlackElo "2618"]
[WhiteTeam "Kazakhstan"]
[BlackTeam "Georgia"]
[WhiteFideId "13700669"]
[BlackFideId "13600966"]
[EventDate "2014.08.02"]

1. d4 Nf6 2. c4 g6 3. Nf3 Bg7 4. e3 O-O 5. Be2 c5 6. d5 e6 7. Nc3 exd5 8. cxd5
d6 9. O-O Re8 10. Nd2 Na6 11. e4 Nc7 12. Re1 Rb8 13. a4 b6 14. Rb1 a6 15. b4 Ng4
16. Bxg4 Bxg4 17. Qxg4 Bxc3 18. bxc5 bxc5 19. Rd1 Rxb1 20. Nxb1 Bd4 21. Bg5 Qc8
22. Qxc8 Rxc8 23. Nd2 Rb8 24. Nc4 Ne8 25. a5 Rb4 26. Rc1 Kf8 27. g4 f6 28. Bd2
Rb3 29. Kg2 Ke7 30. h4 Nc7 31. g5 Nb5 32. h5 Na3 33. hxg6 hxg6 34. gxf6+ Bxf6
35. Nb6 g5 36. Be3 Rb4 37. Rxc5 Rxe4 38. Rc7+ Ke8 39. Rc6 Be7 40. Bc1 Nb5 41.
Nc8 Kd7 42. Nxe7 Rxe7 43. Bxg5 Re5 44. Bf4 Rxd5 45. Rxa6 Nc7 46. Ra7 Kc6 47. Be3
Rd3 48. Kf3 Ra3 49. Ke4 Ra4+ 50. Kf5 Ra3 51. Bd4 Rf3+ 52. Ke4 Ra3 53. Bb6 Ra4+
54. Kf3 Ra3+ 55. Kg4 Ra4+ 56. Kg3 Ra3+ 57. f3 Nd5 58. Bd8 Ra1 59. Bg5 Kb5 60.
Bd8 Kc6 61. Kg4 Ra4+ 62. Kg3 Ra1 1/2-1/2